| 000 | 00503cam a22001934a 4500 | ||
|---|---|---|---|
| 005 | 20250605164152.0 | ||
| 008 | 250528s ||||||||||||||||||||||||d | ||
| 035 | _a19408 | ||
| 020 | _a9602864338 | ||
| 040 |
_aGR-AtMCL _bgre _dGR-AtMCL _eAACR2 |
||
| 245 | 1 | _aΤΟΥΡΙΣΤΙΚΟ ΚΑΙ ΤΑΞΙΔΙΩΤΙΚΟ ΜΑΡΚΕΤΙΝΓΚ | |
| 250 | _a2 | ||
| 260 |
_bΈλλην, _c1999 |
||
| 300 | _a636 | ||
| 700 | 1 |
_aMorrison Alastair M _92923 |
|
| 942 | _cBK | ||
| 999 |
_c4664 _d4664 |
||